| 000 | 00696nam a2200217Ia 4500 | ||
|---|---|---|---|
| 003 | OSt | ||
| 005 | 20220614113051.0 | ||
| 008 | 210716s2006 xx 000 0 und d | ||
| 020 | _a9781419506965 | ||
| 040 | _cAIMIT LIBRARY | ||
| 041 | _aeng | ||
| 082 |
_a658.83 _21 _bCORL |
||
| 100 |
_aCorder, Lloyd. _942174 |
||
| 245 |
_aSnapshot survey : _bquick affordable marketing research for every organization / _cBy Lloyd Corder. |
||
| 250 | _a1st ed. | ||
| 260 |
_aU S A : _bKaplan Publishing , _c2006 . |
||
| 300 |
_axiv, 272p. ; _c22.5 cm. |
||
| 650 |
_aBulding marketing plan that works _942175 |
||
| 650 |
_aCustomer satisfaction customer leads _942176 |
||
| 942 |
_2ddc _cBK _e1st _k658.83 CORL |
||
| 999 |
_c201592 _d201592 |
||